| 000 | 00444nam a2200145Ia 4500 | ||
|---|---|---|---|
| 008 | 220216s9999 xx 000 0 und d | ||
| 100 | _aVarghese S | ||
| 245 | 0 | _aRheological behaviour of short sisal fibre reinforced natural rubber composites | |
| 260 |
_bInternational Rubber Conference, 1993, New Delhi, pp. 217-220 _c1993 |
||
| 700 | _aKoshy A T | ||
| 700 | _aKuriakose B | ||
| 700 | _aPremalatha C K | ||
| 700 | _aThomas S | ||
| 942 | _cJS | ||
| 999 |
_c67060 _d67060 |
||